| 000 | 00710nam a22002297a 4500 | ||
|---|---|---|---|
| 005 | 20240730154551.0 | ||
| 008 | 200304b xxu||||| |||| 00| 0 eng d | ||
| 020 |
_a9789352873647 _cRs 795 |
||
| 040 | _beng | ||
| 041 | _aEnglish | ||
| 082 |
_a305.800954 _b(SOC)CHA |
||
| 245 |
_aDoing theory _bLocations, hierarchies and disjunctions _cEditors Maitrayee Chaudhuri, Manish Thakur |
||
| 260 |
_aHyderabad _bOrient Blackswan Private Limited _c2018 |
||
| 300 |
_avii,378p _b24 cm |
||
| 504 | _aIncludes references and index | ||
| 650 |
_aSociology _zIndia |
||
| 650 |
_aEthnology _zIndia |
||
| 700 |
_4ed. _aChaudhuri, Maitrayee |
||
| 700 |
_4ed. _aThakur, Manish |
||
| 850 |
_aLCLIB _bSociology |
||
| 942 | _cBK | ||
| 999 |
_c42614 _d93093 |
||